[Event "World Rapid 2017"]
[Site "Riyadh KSA"]
[Date "2017.12.28"]
[Round "13.61"]
[White "Al-Hajiri, Bader"]
[Black "Al Abdali, Zeyad Saleh"]
[Result "1-0"]
[WhiteTitle "FM"]
[WhiteElo "2165"]
[BlackElo "1801"]
[WhiteFideId "10300163"]
[BlackFideId "21501505"]
[EventDate "2017.12.26"]

1. e4 d6 2. d4 Nf6 3. Nc3 Nbd7 4. f4 e5 5. Nf3 Qe7 6. Bc4 c6 7. dxe5 dxe5 8. Ng5
Qc5 9. Bxf7+ Ke7 10. Qd3 Ng4 11. Qg3 Nb6 12. h3 Nf6 13. Be3 Qb4 14. fxe5 Na4 15.
a3 Qxb2 16. exf6+ gxf6 17. Qc7+ Bd7 18. Nxa4 Qxa1+ 19. Kd2 fxg5 20. Rxa1 Bg7 21.
Rf1 b6 22. Bxg5+ 1-0

[Event "World Rapid 2017"]
[Site "Riyadh KSA"]
[Date "2017.12.28"]
[Round "13.62"]
[White "Bukannan, Ahmed A"]
[Black "Miswadah, Baha"]
[Result "1-0"]
[WhiteElo "1929"]
[BlackElo "1877"]
[WhiteFideId "21504164"]
[BlackFideId "11502118"]
[EventDate "2017.12.26"]

1. d4 Nf6 2. Nf3 e6 3. c4 Bb4+ 4. Bd2 Be7 5. Nc3 O-O 6. Bf4 a6 7. e3 d5 8. cxd5
exd5 9. Bd3 c6 10. h3 Re8 11. O-O Nbd7 12. Ne5 Nxe5 13. Bxe5 Nd7 14. Bg3 Nf8 15.
Rc1 Bd6 16. Qf3 Qe7 17. Ne2 Bxg3 18. Nxg3 g6 19. Rfe1 f5 20. Ne2 Ne6 21. Nc3 Ng5
22. Qg3 Ne4 23. Bxe4 fxe4 24. f3 Bf5 25. f4 Kg7 26. Qf2 h5 27. Ne2 Kf7 28. Ng3
Qh4 29. Rf1 Rg8 30. Kh2 Qf6 31. a3 Rh8 32. b4 Qd6 33. Nxf5 gxf5 34. h4 Rag8 35.
Rc5 Rg4 36. g3 Rhg8 37. Rg1 Qe7 38. a4 R8g6 39. b5 cxb5 40. axb5 Qd8 41. bxa6
bxa6 42. Rgc1 Kg7 43. Rc8 Qa5 44. R1c7+ Kf6 45. Qc2 Qb5 46. Rb8 Qd3 47. Qc6# 1-0

[Event "World Rapid 2017"]
[Site "Riyadh KSA"]
[Date "2017.12.28"]
[Round "13.63"]
[White "Abdyjapar, Asyl"]
[Black "Al Mahmood, Salman"]
[Result "1-0"]
[WhiteTitle "IM"]
[WhiteElo "2382"]
[BlackElo "1593"]
[WhiteFideId "13800337"]
[BlackFideId "11201517"]
[EventDate "2017.12.26"]

1. d4 Nf6 2. c4 e6 3. Nc3 Bb4 4. Qc2 O-O 5. e4 Bxc3+ 6. bxc3 d6 7. f4 b6 8. Nf3
Bb7 9. Bd3 h6 10. O-O Nbd7 11. e5 Ne8 12. Be3 c5 13. Rad1 Qc7 14. Qe2 d5 15.
cxd5 Bxd5 16. f5 c4 17. Bb1 exf5 18. Bxf5 Qc6 19. Bb1 Nc7 20. Qc2 f5 21. exf6
Nxf6 22. Ne5 Qe8 23. Rxf6 Rxf6 24. Qh7+ Kf8 25. Qh8+ Ke7 26. Qxg7+ Rf7 27. Qxh6
Qg8 28. Bg5+ Ke8 29. Nxf7 Qxf7 1-0

[Event "World Rapid 2017"]
[Site "Riyadh KSA"]
[Date "2017.12.28"]
[Round "13.64"]
[White "Al Habeeb, Emad"]
[Black "Alem, Ali Hussien"]
[Result "0-1"]
[WhiteElo "1933"]
[BlackElo "1745"]
[WhiteFideId "21500029"]
[BlackFideId "21500088"]
[EventDate "2017.12.26"]

1. d4 Nf6 2. c4 e5 3. dxe5 Ng4 4. Nf3 Nc6 5. Bf4 Bb4+ 6. Nbd2 Qe7 7. e3 Ngxe5 8.
Nxe5 Nxe5 9. Be2 O-O 10. O-O d6 11. Nb3 Be6 12. Qc2 Ng6 13. Bg3 f5 14. Nd4 Bd7
15. Bf3 c6 16. Ne2 Ne5 17. Bxe5 dxe5 18. Nc3 Rf6 19. Rfd1 Rh6 20. Qb3 Be6 21. a3
Bd6 22. e4 Bc5 23. exf5 Bxf5 24. g3 Rf8 25. Na4 Bd4 26. Rd2 Qg5 27. Re2 b6 28.
c5+ Be6 29. Qd3 b5 30. Nc3 Bc4 31. Qe4 Rf4 32. Qc2 Rxf3 33. Rd2 0-1

[Event "World Rapid 2017"]
[Site "Riyadh KSA"]
[Date "2017.12.28"]
[Round "13.65"]
[White "Al Saidi, Mohammed Khalfan"]
[Black "Al Juhani, Bakr"]
[Result "1-0"]
[WhiteElo "1468"]
[BlackElo "1854"]
[WhiteFideId "22001271"]
[BlackFideId "21500185"]
[EventDate "2017.12.26"]

1. d4 Nf6 2. c4 g6 3. Nc3 Bg7 4. e4 d6 5. Nf3 O-O 6. Be2 e5 7. O-O Nc6 8. d5 Ne7
9. b4 a5 10. Ba3 Nd7 11. Ne1 f5 12. f3 Nf6 13. c5 axb4 14. Bxb4 Ne8 15. a4 f4
16. a5 g5 17. Ra2 Ng6 18. Qa1 Rf7 19. a6 b6 20. cxb6 cxb6 21. Nb5 Bf8 22. Nd3 h5
23. Bc3 g4 24. Nb4 g3 25. h3 Qh4 26. Bd3 Ne7 27. Nc6 Nxc6 28. dxc6 Rg7 29. Bc4+
Kh7 30. a7 Bxh3 31. gxh3 d5 32. Bxe5 Qxh3 33. Bxg7 Bxg7 34. Qc1 Bf8 35. Rd1 Bc5+
36. Nd4 Nc7 37. exd5 Rxa7 38. Rg2 Ra8 39. Qxf4 1-0

[Event "World Rapid 2017"]
[Site "Riyadh KSA"]
[Date "2017.12.28"]
[Round "13.66"]
[White "Al Bargi, Hassan M"]
[Black "Alanazy, Mohammed"]
[Result "0-1"]
[WhiteElo "1579"]
[BlackElo "1850"]
[WhiteFideId "21501475"]
[BlackFideId "21508488"]
[EventDate "2017.12.26"]

1. d4 d5 2. Bf4 c6 3. e3 Nf6 4. Nd2 Bf5 5. c3 e6 6. Qb3 Bd6 7. Bxd6 Qxd6 8. Qxb7
O-O 9. Qxa8 Qc7 10. Ngf3 Nfd7 11. Ba6 Nxa6 12. Qxf8+ Kxf8 13. O-O h6 14. Rfe1 g5
15. e4 dxe4 16. Nxe4 Bxe4 17. Rxe4 c5 18. h3 Qb7 19. Re2 Nf6 20. dxc5 Nxc5 21.
Nd4 Nd5 22. g3 Na4 23. c4 Nf6 24. Rc1 Nb6 25. c5 Nbd5 26. c6 Qb6 27. Nf3 Nh5 28.
Ne5 Nxg3 29. Nd7+ Ke7 30. Rec2 Qc7 31. fxg3 Qxg3+ 32. Kh1 Qxh3+ 33. Rh2 Qe3 34.
Rhc2 Nc7 35. a4 g4 36. Rc3 Qe4+ 37. Kg1 h5 38. Nc5 Qxc6 39. Nd3 0-1

[Event "World Rapid 2017"]
[Site "Riyadh KSA"]
[Date "2017.12.28"]
[Round "13.67"]
[White "Al Omary, Ahmed"]
[Black "Salama, Taher"]
[Result "0-1"]
[WhiteElo "1875"]
[BlackElo "1769"]
[WhiteFideId "21500207"]
[BlackFideId "11502231"]
[EventDate "2017.12.26"]

1. d4 Nf6 2. c4 e6 3. Nc3 d5 4. Nf3 Be7 5. h3 b6 6. Bf4 O-O 7. e3 Bb7 8. Bd3 c5
9. O-O Nbd7 10. Re1 cxd4 11. exd4 dxc4 12. Bxc4 Rc8 13. Bb3 a6 14. Rc1 b5 15. a3
Nb6 16. Be5 Nc4 17. Qe2 Nd5 18. Red1 Bd6 19. Ne4 Bxe5 20. Nxe5 Nf4 21. Qe1 Nxb2
22. Rxc8 Qxc8 23. Rc1 Qa8 24. f3 Nbd3 25. Nxd3 Nxd3 26. Qd2 Nxc1 27. Qxc1 Bxe4
28. fxe4 Qxe4 29. Qc3 Rd8 30. Bc2 Qxd4+ 31. Qxd4 Rxd4 32. Kf1 Rc4 33. Bd1 f5 34.
Ke2 Kf7 35. Kd3 Rc7 36. Bf3 Kf6 37. g4 g6 38. h4 Ke5 39. g5 Kf4 40. Be2 e5 41.
Kd2 Kg3 42. h5 e4 43. Ke3 Rc3+ 44. Kd2 Rxa3 45. hxg6 hxg6 46. Ke1 Re3 47. Kf1
Rxe2 0-1

[Event "World Rapid 2017"]
[Site "Riyadh KSA"]
[Date "2017.12.28"]
[Round "14.1"]
[White "Artemiev, Vladislav"]
[Black "Carlsen, Magnus"]
[Result "1/2-1/2"]
[WhiteTitle "GM"]
[BlackTitle "GM"]
[WhiteElo "2691"]
[BlackElo "2837"]
[WhiteFideId "24101605"]
[BlackFideId "1503014"]
[EventDate "2017.12.26"]

1. e4 e5 2. Nf3 Nc6 3. Nc3 Nf6 4. d4 exd4 5. Nxd4 Bb4 6. Nxc6 bxc6 7. Bd3 O-O 8.
O-O d5 9. exd5 cxd5 10. Bg5 c6 11. Na4 h6 12. Bh4 Re8 13. c4 dxc4 14. Bxc4 Qxd1
15. Rfxd1 g5 16. Bg3 Ne4 17. a3 Bf8 18. Rac1 Nxg3 19. hxg3 Rb8 20. b4 Bf5 21.
Bd3 Bxd3 22. Rxd3 a5 23. bxa5 Rb5 24. Nb6 Rxa5 25. Rxc6 Rxa3 26. Rxa3 Re1+ 27.
Kh2 Bxa3 28. Nd5 Re6 29. Rxe6 fxe6 30. Nf6+ Kf7 31. Ne4 g4 32. Kg1 Kg6 33. Kf1
Kf5 34. Nd2 h5 35. Ke2 Bc5 36. f3 Ke5 1/2-1/2

[Event "World Rapid 2017"]
[Site "Riyadh KSA"]
[Date "2017.12.28"]
[Round "14.7"]
[White "Guseinov, Gadir"]
[Black "Onischuk, Vladimir"]
[Result "1/2-1/2"]
[WhiteTitle "GM"]
[BlackTitle "GM"]
[WhiteElo "2646"]
[BlackElo "2637"]
[WhiteFideId "13401378"]
[BlackFideId "14114038"]
[EventDate "2017.12.26"]

1. e4 d6 2. d4 Nf6 3. Nc3 g6 4. Nf3 Bg7 5. Be2 O-O 6. O-O c6 7. a4 Nbd7 8. Be3
e5 9. dxe5 dxe5 10. Nd2 Qe7 11. Nc4 Ne8 12. a5 Nc5 13. Nd6 Nxd6 14. Bxc5 Rd8 15.
Qd3 Be6 16. Rfd1 Bf8 17. Qe3 a6 18. Na4 Qf6 19. f3 Nb5 20. Bxf8 Kxf8 21. c3
Rxd1+ 22. Rxd1 Rd8 23. Rd2 Rxd2 24. Qxd2 Qe7 25. b4 Qd6 26. Qe3 Kg7 27. Kf2 f6
28. Ke1 g5 29. Nc5 Bc8 30. Qd2 Qxd2+ 31. Kxd2 Nd6 32. g4 h5 33. h3 h4 34. c4 Kf8
35. Kc3 Ke7 36. b5 cxb5 37. cxb5 axb5 38. Kb4 Kd8 39. Bxb5 Kc7 40. Ba4 b6 41.
axb6+ Kxb6 42. Bb3 Nb7 43. Na4+ Kc7 44. Bd5 Nd8 45. Nc5 1/2-1/2

[Event "World Rapid 2017"]
[Site "Riyadh KSA"]
[Date "2017.12.28"]
[Round "14.10"]
[White "Rapport, Richard"]
[Black "Kokarev, Dmitry"]
[Result "1/2-1/2"]
[WhiteTitle "GM"]
[BlackTitle "GM"]
[WhiteElo "2707"]
[BlackElo "2615"]
[WhiteFideId "738590"]
[BlackFideId "4132181"]
[EventDate "2017.12.26"]

1. e4 c5 2. Nc3 d6 3. Nge2 Nf6 4. g3 Nc6 5. d4 cxd4 6. Nxd4 g6 7. Nde2 b6 8. Bg2
Bb7 9. b3 Bg7 10. Bb2 O-O 11. O-O Rc8 12. Qd2 Nd7 13. Rab1 Nc5 14. Rfd1 a6 15.
Nd5 Bxb2 16. Rxb2 b5 17. c3 Ne5 18. Qd4 Nc6 19. Qe3 e6 20. Nb4 Qe7 21. Rbd2 Rfd8
22. f4 a5 23. Nd3 b4 24. Nxc5 dxc5 25. e5 Rxd2 26. Rxd2 Rd8 27. Kf2 Rxd2 28.
Qxd2 bxc3 29. Qxc3 Nb4 30. Bxb7 Qxb7 31. a3 Nd5 32. Qxa5 Qxb3 33. Qxc5 h5 34.
Qc1 Kg7 35. Nd4 Qd3 36. Ne2 Qb3 37. Qc5 Qa2 38. Qa5 h4 39. Qc5 h3 40. Qc1 Qb3
41. Qc5 Qd3 42. Qc1 Qb3 43. g4 Qd3 44. Ng3 Qd4+ 45. Kf3 Qd3+ 46. Kf2 Qd4+ 47.
Kf3 Qd3+ 1/2-1/2

[Event "World Rapid 2017"]
[Site "Riyadh KSA"]
[Date "2017.12.28"]
[Round "14.12"]
[White "Mamedov, Rauf"]
[Black "Dreev, Aleksey"]
[Result "1-0"]
[WhiteTitle "GM"]
[BlackTitle "GM"]
[WhiteElo "2709"]
[BlackElo "2653"]
[WhiteFideId "13401653"]
[BlackFideId "4100107"]
[EventDate "2017.12.26"]

1. e4 c6 2. Nc3 d5 3. Nf3 Bg4 4. h3 Bxf3 5. Qxf3 e6 6. d3 Nf6 7. Be2 Nbd7 8. Qg3
g6 9. h4 h5 10. O-O Bg7 11. Bf4 Qb6 12. Rab1 Rc8 13. Bf3 Bh6 14. Bxh6 Rxh6 15.
Rfe1 Kf8 16. Qd6+ Kg7 17. e5 Ng4 18. Bxg4 hxg4 19. Qxd7 g3 20. Nd1 Rch8 21. Ne3
gxf2+ 22. Kxf2 Rxh4 23. Rf1 Qd4 24. Ke2 Rf8 25. Qe7 Rh5 26. Rf3 Rxe5 27. Rbf1
Kg8 28. Rh3 Qg4+ 29. Kf2 Qg5 30. Rh8+ 1-0

[Event "World Rapid 2017"]
[Site "Riyadh KSA"]
[Date "2017.12.28"]
[Round "14.13"]
[White "Rakhmanov, Aleksandr"]
[Black "Cheparinov, Ivan"]
[Result "1/2-1/2"]
[WhiteTitle "GM"]
[BlackTitle "GM"]
[WhiteElo "2653"]
[BlackElo "2710"]
[WhiteFideId "4173708"]
[BlackFideId "2905540"]
[EventDate "2017.12.26"]

1. c4 e6 2. e4 d5 3. exd5 exd5 4. d4 Nf6 5. Nc3 Be7 6. Bd3 O-O 7. Nge2 Nc6 8. a3
dxc4 9. Bxc4 Bf5 10. O-O Qd7 11. Bf4 Bd6 12. Qd2 a6 13. Rad1 Rfe8 14. f3 Bxf4
15. Nxf4 Rad8 16. Nfd5 Nxd5 17. Bxd5 Qd6 18. Qf2 h6 19. Qg3 Bg6 20. Qxd6 Rxd6
21. Bxc6 Rxc6 22. Rfe1 Rce6 23. Rxe6 Rxe6 24. Kf2 Kf8 25. Rc1 Rd6 26. Ne2 c6 27.
Ke3 Ke7 28. b4 Re6+ 29. Kd2 Rd6 30. Ke3 Re6+ 31. Kd2 Rd6 32. a4 Bf5 33. a5 Bd7
34. h4 Kd8 35. Rc5 Ke7 36. Kd3 Kd8 37. Nf4 Ke7 38. Re5+ Kd8 39. Kc3 Bc8 40. Kc4
f6 41. Re1 g5 42. Kc5 Kd7 43. hxg5 fxg5 44. Nd3 Rd5+ 45. Kc4 Rf5 46. Rh1 Rf6 47.
Kc5 Rd6 48. Ne5+ Kc7 49. Kc4 Bf5 50. Kc3 Rf6 51. Kd2 Be6 52. Ke3 Kd6 53. Nd3 Bc8
54. Nc5 Kc7 55. Ne4 Rg6 56. Rc1 Be6 57. Kf2 Bd5 58. Nc5 g4 59. Re1 gxf3 60. Re7+
Kd8 61. Rd7+ Kc8 62. gxf3 Rf6 63. Rxb7 Rxf3+ 64. Ke1 Rf4 65. Rh7 Bc4 66. Rxh6
Rxd4 67. Rxc6+ Kb8 68. Rb6+ Ka7 69. Rb7+ Ka8 70. Re7 Bb5 71. Re4 Rxe4+ 72. Nxe4
Kb7 73. Kd2 Kc6 74. Nc3 Bf1 75. Ke3 Bc4 76. Kd4 Bf1 77. Ne4 Kb5 78. Kc3 Kc6 79.
Nd2 Be2 80. Nb3 Bf1 81. Nd2 Be2 82. Ne4 Bf1 1/2-1/2

[Event "World Rapid 2017"]
[Site "Riyadh KSA"]
[Date "2017.12.28"]
[Round "14.14"]
[White "Quparadze, Giga"]
[Black "Savchenko, Boris"]
[Result "0-1"]
[WhiteTitle "GM"]
[BlackTitle "GM"]
[WhiteElo "2506"]
[BlackElo "2566"]
[WhiteFideId "13602250"]
[BlackFideId "4147332"]
[EventDate "2017.12.26"]

1. e4 e6 2. d4 d5 3. Nd2 c5 4. Ngf3 Nf6 5. exd5 exd5 6. Bb5+ Bd7 7. Qe2+ Be7 8.
dxc5 O-O 9. O-O Re8 10. Nb3 a6 11. Bxd7 Nbxd7 12. Qd3 h6 13. Be3 Rc8 14. c3 Nxc5
15. Bxc5 Bxc5 16. Nxc5 Rxc5 17. Rfe1 Rc8 18. Rxe8+ Qxe8 19. Nd4 g6 20. Qd2 Kg7
21. Re1 Qd7 22. f3 Qd6 23. Nb3 a5 24. Qd4 Rc4 25. Qe5 Qxe5 26. Rxe5 a4 27. Nd2
Rc6 28. Nb1 d4 29. Re2 Nd5 30. Rc2 dxc3 31. bxc3 b5 32. Kf2 Kf6 33. Nd2 Ke5 34.
Nb1 Kd6 35. Na3 Nc7 36. Rd2+ Kc5 37. Rd7 Nd5 38. Nxb5 Nb6 39. Rxf7 Kxb5 40. g4
Nd5 41. h4 Nxc3 42. a3 Kc4 43. Rh7 g5 44. hxg5 hxg5 45. Rb7 Nb5 46. f4 Nxa3 47.
Ra7 Kb3 48. fxg5 Nb5 49. Rb7 Kb4 50. Rh7 a3 51. Rh1 a2 52. Ke3 Nc3 53. Ra1 Kb3
54. Kf4 Kb2 55. Rh1 a1=Q 0-1

[Event "World Rapid 2017"]
[Site "Riyadh KSA"]
[Date "2017.12.28"]
[Round "14.15"]
[White "Fressinet, Laurent"]
[Black "Korobov, Anton"]
[Result "0-1"]
[WhiteTitle "GM"]
[BlackTitle "GM"]
[WhiteElo "2662"]
[BlackElo "2652"]
[WhiteFideId "608742"]
[BlackFideId "14105730"]
[EventDate "2017.12.26"]

1. e4 c5 2. Nf3 d6 3. Nc3 a6 4. g3 e5 5. Bg2 Nc6 6. d3 Nge7 7. O-O g6 8. Nh4 Bg7
9. f4 exf4 10. gxf4 Nd4 11. Kh1 Nec6 12. Nf3 Bg4 13. Nd5 O-O 14. c3 Nxf3 15.
Bxf3 Be6 16. Ne3 f5 17. exf5 gxf5 18. Bd5 Qd7 19. Qf3 Rae8 20. Bd2 Bxd5 21.
Qxd5+ Kh8 22. Qf3 Ne7 23. Rg1 Ng6 24. Nd5 Qf7 25. Be1 b5 26. Bf2 Qb7 27. c4 bxc4
28. dxc4 Re4 29. Bg3 Rxc4 30. Rad1 Rd4 31. Rxd4 Bxd4 32. Re1 Qxb2 33. h4 Rf7 34.
Re8+ Nf8 35. Ne7 Qb5 36. Ra8 Rxe7 37. Rxf8+ Kg7 38. Rxf5 Qb1+ 0-1

[Event "World Rapid 2017"]
[Site "Riyadh KSA"]
[Date "2017.12.28"]
[Round "14.16"]
[White "Kuzubov, Yuriy"]
[Black "Anton Guijarro, David"]
[Result "0-1"]
[WhiteTitle "GM"]
[BlackTitle "GM"]
[WhiteElo "2699"]
[BlackElo "2666"]
[WhiteFideId "14112906"]
[BlackFideId "2285525"]
[EventDate "2017.12.26"]

1. Nf3 Nf6 2. d4 e6 3. c4 d5 4. Nc3 dxc4 5. e4 Bb4 6. Bxc4 Nxe4 7. O-O Nxc3 8.
bxc3 Bd6 9. Ng5 h6 10. Qh5 O-O 11. Ne4 f5 12. Nxd6 cxd6 13. Re1 Rf6 14. Bf4 d5
15. Bd3 Nc6 16. Re3 Bd7 17. Rae1 Rc8 18. h4 Qf8 19. Rg3 Qf7 20. Qd1 Rg6 21. Rh3
Rg4 22. Bd6 Qf6 23. g3 Qd8 24. h5 Qa5 25. f3 Rg5 26. Bf4 Qxc3 27. Rh2 Nxd4 28.
Kg2 Ba4 29. Qd2 Qxd2+ 30. Bxd2 Bb5 31. Bxg5 Bxd3 32. Rc1 Rc4 33. Be3 Nc6 34. f4
b5 35. Kg1 d4 36. Bd2 Be4 37. Re2 Kf7 38. Kf2 Ke7 39. Ree1 Kd6 40. a3 a5 41. g4
Ra4 42. gxf5 Bxf5 43. Ra1 g6 44. hxg6 Bxg6 45. f5 Bxf5 46. Bxh6 Rc4 47. Rac1 Kd5
48. Rg1 Ne5 49. Rxc4 bxc4 50. Bg7 Nd3+ 51. Ke2 c3 52. Bh6 Nc5 53. Rg8 d3+ 54.
Ke1 Nb3 55. Rc8 d2+ 56. Kf2 Bg4 0-1

[Event "World Rapid 2017"]
[Site "Riyadh KSA"]
[Date "2017.12.28"]
[Round "14.17"]
[White "Wang, Yue"]
[Black "Salem, A.R. Saleh"]
[Result "1-0"]
[WhiteTitle "GM"]
[BlackTitle "GM"]
[WhiteElo "2690"]
[BlackElo "2638"]
[WhiteFideId "8601429"]
[BlackFideId "9301348"]
[EventDate "2017.12.26"]

1. d4 Nf6 2. Nf3 g6 3. Bf4 Bg7 4. e3 d6 5. h3 O-O 6. Be2 Nc6 7. Bh2 Nd7 8. c3 e5
9. a4 f5 10. b4 Qe7 11. Na3 Nd8 12. Nc4 Nf7 13. Qc2 e4 14. Nfd2 d5 15. Na5 Nb6
16. Nab3 Nd6 17. a5 Nbc4 18. Nxc4 Nxc4 19. Nd2 Be6 20. Nxc4 dxc4 21. b5 Rac8 22.
O-O c5 23. bxc6 Rxc6 24. Rfb1 g5 25. Rb4 Bd5 26. Rab1 f4 27. Rxb7 Qf6 28. Bg4
Qg6 29. Rd7 Be6 30. Bxe6+ Rxe6 31. Rbb7 Bh6 32. Qe2 g4 33. Bxf4 gxh3 34. g3 Rxf4
35. exf4 e3 36. Re7 Rxe7 37. Rxe7 Bxf4 38. Kh2 Kf8 39. Rxe3 Bxe3 40. Qxe3 Qh5
41. Qf4+ Kg8 42. Qb8+ Kf7 43. Qxa7+ Ke6 44. Qb6+ Kd7 45. Qb7+ Kd6 46. Qb4+ Kd7
47. Qxc4 Qf3 48. Qf1 Qxc3 49. Qxh3+ Kd6 50. Qh6+ Kd5 51. Qg5+ Ke6 52. Qe5+ Kf7
53. a6 Qa3 54. Qc7+ Kg6 55. a7 1-0

[Event "World Rapid 2017"]
[Site "Riyadh KSA"]
[Date "2017.12.28"]
[Round "14.18"]
[White "Movsesian, Sergei"]
[Black "Akobian, Varuzhan"]
[Result "1/2-1/2"]
[WhiteTitle "GM"]
[BlackTitle "GM"]
[WhiteElo "2647"]
[BlackElo "2647"]
[WhiteFideId "310204"]
[BlackFideId "13300580"]
[EventDate "2017.12.26"]

1. c4 e6 2. Nf3 Nf6 3. g3 d5 4. Bg2 dxc4 5. Qa4+ Bd7 6. Qxc4 c5 7. Ne5 Qc8 8.
O-O Nc6 9. Nxd7 Qxd7 10. Qa4 Rc8 11. d3 Be7 12. Nd2 Nd4 13. Qd1 h5 14. h4 O-O
15. b3 Rfd8 16. Bb2 g6 17. Rc1 b5 18. a3 a6 19. Re1 Kf8 20. e3 Nc6 21. Bxf6 Bxf6
22. Ne4 Be7 23. Nxc5 Bxc5 24. Rxc5 Ne7 25. Rxc8 Rxc8 26. d4 Rc3 27. e4 Kg8 28.
d5 exd5 29. exd5 Qd6 30. Qe2 Kf8 31. Qb2 Rc7 32. b4 Kg8 33. Bf3 Rc8 34. Kg2 Nf5
35. Re4 Qd8 36. Qe5 Nd6 37. Re2 Nc4 38. Qf4 Nd6 39. Qd4 Rc7 40. Qb6 Rc8 41. Qd4
Nf5 42. Qa7 Qf6 43. Be4 Re8 44. Qd7 Nd6 45. Bf3 Rd8 46. Qe7 Qxe7 47. Rxe7 Nc4
48. Ra7 Rd6 49. Be4 Nxa3 50. Kf3 f5 51. Bd3 Rxd5 52. Ke2 Rd6 53. Rc7 Rd4 54. Rc6
Kg7 55. Rxa6 Nc4 56. Ra7+ Kf6 57. Ra6+ Kg7 58. f4 Nb2 59. Bxb5 Rxb4 60. Bc6 Rd4
61. Rb6 Nc4 62. Rb4 Rd2+ 63. Ke1 Rc2 64. Rb7+ Kf8 65. Bd5 Ne3 66. Bb3 Ng2+ 67.
Kf1 Ne3+ 68. Ke1 Ng2+ 69. Kf1 Ne3+ 70. Ke1 Rg2 71. Rf7+ Ke8 72. Rf6 Ng4 73. Re6+
Kf8 74. Rxg6 Rxg3 75. Be6 Rf3 76. Bxf5 Rxf4 1/2-1/2

[Event "World Rapid 2017"]
[Site "Riyadh KSA"]
[Date "2017.12.28"]
[Round "14.19"]
[White "Kasimdzhanov, Rustam"]
[Black "Pantsulaia, Levan"]
[Result "0-1"]
[WhiteTitle "GM"]
[BlackTitle "GM"]
[WhiteElo "2683"]
[BlackElo "2612"]
[WhiteFideId "14200244"]
[BlackFideId "13602071"]
[EventDate "2017.12.26"]

1. e4 c5 2. Nf3 e6 3. d4 cxd4 4. Nxd4 a6 5. Nc3 b5 6. Bd3 Qb6 7. Nf3 Qc7 8. O-O
Bb7 9. Re1 Be7 10. a4 b4 11. Ne2 Nf6 12. Ng3 d6 13. Bd2 Nc6 14. c3 bxc3 15. Bxc3
O-O 16. a5 Rac8 17. Qe2 Nb8 18. Rac1 Qd7 19. Rcd1 Ne8 20. Nh5 g6 21. Ng3 Qd8 22.
Bb1 Rxc3 23. bxc3 Qxa5 24. Bd3 Nc7 25. Rb1 Ba8 26. Qe3 Nd7 27. Ra1 Qxc3 28. Rec1
Qg7 29. Bxa6 Nc5 30. Bf1 f5 31. Ra7 f4 32. Qe1 fxg3 33. Rxc7 gxf2+ 34. Qxf2 Bxe4
35. Be2 Bxf3 36. Bxf3 Kh8 37. Rd1 e5 38. Qe2 Qf6 39. Kh1 e4 40. Bg4 Nd3 41. Kg1
Qd4+ 0-1

[Event "World Rapid 2017"]
[Site "Riyadh KSA"]
[Date "2017.12.28"]
[Round "14.20"]
[White "Duda, Jan-Krzysztof"]
[Black "Kravtsiv, Martyn"]
[Result "1-0"]
[WhiteTitle "GM"]
[BlackTitle "GM"]
[WhiteElo "2717"]
[BlackElo "2672"]
[WhiteFideId "1170546"]
[BlackFideId "14113147"]
[EventDate "2017.12.26"]

1. Nf3 Nf6 2. g3 d5 3. Bg2 e6 4. O-O c5 5. c4 d4 6. e3 Nc6 7. d3 Bd6 8. Na3 O-O
9. exd4 cxd4 10. Nc2 e5 11. b4 Re8 12. Rb1 a5 13. a3 axb4 14. axb4 Bf5 15. Bg5
h6 16. Bxf6 Qxf6 17. Nh4 Bh7 18. Re1 Ra2 19. f4 Raa8 20. f5 Be7 21. Bd5 Ra2 22.
c5 Raa8 23. Qf3 Rab8 24. Na3 Bf8 25. Nc4 Re7 26. b5 Nd8 27. Nd6 Rc7 28. Ne8 Qe7
29. Nxc7 Qxc7 30. c6 bxc6 31. bxc6 Bb4 32. Re2 Kf8 33. Ng6+ Bxg6 34. fxg6 f6 35.
Reb2 1-0

[Event "World Rapid 2017"]
[Site "Riyadh KSA"]
[Date "2017.12.28"]
[Round "14.21"]
[White "Sargissian, Gabriel"]
[Black "Saric, Ivan"]
[Result "1/2-1/2"]
[WhiteTitle "GM"]
[BlackTitle "GM"]
[WhiteElo "2672"]
[BlackElo "2669"]
[WhiteFideId "13300881"]
[BlackFideId "14508150"]
[EventDate "2017.12.26"]

1. d4 Nf6 2. Nf3 g6 3. g3 Bg7 4. Bg2 d5 5. O-O c6 6. c3 O-O 7. Bf4 Bf5 8. Nbd2
Nbd7 9. Qb3 Qb6 10. Ne5 Rfe8 11. h3 Nxe5 12. Bxe5 Bh6 13. g4 Be6 14. e3 Nd7 15.
Bg3 f5 16. gxf5 Bxf5 17. e4 Bxd2 18. exf5 Qxb3 19. axb3 Bh6 20. c4 Nb6 21. cxd5
Nxd5 22. Bxd5+ cxd5 23. Ra5 gxf5 24. Rxd5 f4 25. Bh4 Rad8 26. Rh5 Bg7 27. d5
Bxb2 28. Re1 Bf6 29. Bxf6 exf6 30. Rxe8+ Rxe8 31. Rf5 Kf7 32. Rxf4 Rd8 33. Rd4
a5 34. Kf1 Ke7 35. Rh4 Rh8 36. Ke2 Kd6 37. Kd3 b5 38. Kd4 a4 39. bxa4 bxa4 40.
Rh6 Ke7 41. Kc3 a3 42. Kb3 Ra8 43. Ka2 Kd6 44. Rxf6+ Kxd5 45. Rf7 h6 46. Rf6 h5
47. Rf5+ Ke4 48. Rxh5 Rf8 1/2-1/2

[Event "World Rapid 2017"]
[Site "Riyadh KSA"]
[Date "2017.12.28"]
[Round "14.22"]
[White "Demchenko, Anton"]
[Black "Grigoriants, Sergey"]
[Result "0-1"]
[WhiteTitle "GM"]
[BlackTitle "GM"]
[WhiteElo "2660"]
[BlackElo "2561"]
[WhiteFideId "4160258"]
[BlackFideId "4130804"]
[EventDate "2017.12.26"]

1. e4 c6 2. d4 d5 3. Nc3 dxe4 4. Nxe4 Bf5 5. Qf3 e6 6. Ne2 Be7 7. c3 Qd5 8. N2g3
Bg6 9. Bd3 Nd7 10. h4 h6 11. Qe2 Bh7 12. b4 Ndf6 13. Bc4 Qd8 14. Nc5 Bxc5 15.
dxc5 Nd5 16. Bd2 Ngf6 17. Bb3 a5 18. O-O axb4 19. cxb4 O-O 20. Rad1 Qe7 21. Rfe1
Rfd8 22. a4 Rd7 23. Qc4 Bg6 24. Bc1 Rad8 25. Bb2 h5 26. f3 b6 27. Be5 bxc5 28.
bxc5 Rb7 29. Bd6 Qd7 30. Bc2 Rb4 31. Qe2 Bxc2 32. Qxc2 Qa7 33. Qf2 Rxa4 34. Ne2
Ra2 35. Qd4 Ra4 36. Qf2 Ra2 37. Qd4 Ra8 38. Rd2 Rxd2 39. Qxd2 Ne8 40. Bg3 Qxc5+
41. Bf2 Qb4 42. Qc2 Qa4 43. Qb2 Nef6 44. Rc1 Qb5 45. Qd2 e5 46. Rc5 Qb1+ 47. Rc1
Ra2 48. Rxb1 Rxd2 49. Ng3 g6 50. Rc1 Ne7 51. Be3 Rd3 52. Bg5 Nfd5 53. Ne4 Kg7
54. Ra1 f6 55. Bc1 Nc3 56. Ra7 Nxe4 57. Rxe7+ Kf8 58. Rc7 Rd1+ 59. Kh2 Rxc1 60.
fxe4 Rc4 61. Kg3 Rxe4 62. Rxc6 Ke7 63. Ra6 Rg4+ 64. Kh3 Rd4 65. g3 Rd6 66. Ra5
Ke6 67. Kg2 Kf5 68. Ra4 Rd2+ 69. Kf3 e4+ 70. Ke3 Rg2 71. Ra5+ Kg4 72. Kxe4 Rxg3
73. Ra6 Rf3 74. Rb6 Rf5 75. Ke3 Kxh4 0-1